Zur Geschichte der Sprachwissenschaft im 19. Jahrhundert : (Record no. 342971)
[ view plain ]
| 000 -LEADER | |
|---|---|
| fixed length control field | 01102nam a2200265 a 4500 |
| 001 - CONTROL NUMBER | |
| control field | 001052605 |
| 003 - CONTROL NUMBER IDENTIFIER | |
| control field | AM-YeHGA |
| 005 - DATE AND TIME OF LATEST TRANSACTION | |
| control field | 20250617151020.0 |
| 008 - FIXED-LENGTH DATA ELEMENTS--GENERAL INFORMATION | |
| fixed length control field | 141220s2014 gw r 000 0 ger d |
| 020 ## - INTERNATIONAL STANDARD BOOK NUMBER | |
| International Standard Book Number | 9783769601282 |
| 040 ## - CATALOGING SOURCE | |
| Original cataloging agency | AM-YeHGA |
| 041 0# - LANGUAGE CODE | |
| Language code of text/sound track or separate title | ger |
| 090 ## - LOCALLY ASSIGNED LC-TYPE CALL NUMBER (OCLC); LOCAL CALL NUMBER (RLIN) | |
| -- | 344767 |
| 100 1# - MAIN ENTRY--PERSONAL NAME | |
| Personal name | Schmidt, Johannes, |
| Dates associated with a name | 1843-1901 |
| 245 10 - TITLE STATEMENT | |
| Title | Zur Geschichte der Sprachwissenschaft im 19. Jahrhundert : |
| Remainder of title | Briefe Johannes Schmidts an August Schleicher 1865-1868 / |
| Statement of responsibility, etc. | Klaus Strunk Hrsg. |
| 260 ## - PUBLICATION, DISTRIBUTION, ETC. | |
| Place of publication, distribution, etc. | Munchen : |
| Name of publisher, distributor, etc. | Bayerische Akad. der Wissenschaften, |
| Date of publication, distribution, etc. | 2014. |
| 300 ## - PHYSICAL DESCRIPTION | |
| Extent | 128 p. : |
| Other physical details | ill. : 1 facsim. |
| 490 1# - SERIES STATEMENT | |
| Series statement | Bayerische Akademie der Wissenschaften. Philosophisch-Historische Klasse. Abhandlungen. Neue Folge |
| International Standard Serial Number | 0005710X |
| Volume/sequential designation | Heft 140 |
| 504 ## - BIBLIOGRAPHY, ETC. NOTE | |
| Bibliography, etc. note | Includes bibliogr. references |
| 600 14 - SUBJECT ADDED ENTRY--PERSONAL NAME | |
| Personal name | Schmidt, Johannes |
| Dates associated with a name | 1843-1901 |
| General subdivision | Correspondence |
| 600 14 - SUBJECT ADDED ENTRY--PERSONAL NAME | |
| Personal name | Schleicher, August |
| Dates associated with a name | 1821-1868 |
| 650 14 - SUBJECT ADDED ENTRY--TOPICAL TERM | |
| Topical term or geographic name entry element | Linguistucs |
| Geographic subdivision | Germany |
| General subdivision | History |
| Chronological subdivision | 19th century |
| 700 1# - ADDED ENTRY--PERSONAL NAME | |
| Personal name | Strunk, Klaus |
| Relationship | edt |
| 830 #0 - SERIES ADDED ENTRY--UNIFORM TITLE | |
| Uniform title | Bayerische Akademie der Wissenschaften. Philosophisch-Historische Klasse. Abhandlungen. Neue Folge |
| Volume/sequential designation | Heft 140 |
| Withdrawn status | Lost status | Damaged status | Not for loan | Home library | Current library | Date acquired | Cost, normal purchase price | Shelving control number | Total checkouts | Full call number | Barcode | Date last seen | Price effective from | Koha item type | Public note |
|---|---|---|---|---|---|---|---|---|---|---|---|---|---|---|---|
| Fundamental Scientific Library | Fundamental Scientific Library | 09/01/2017 | 1500.00 | ПИ 1266/140 | FL0282291 | 09/01/2017 | 09/01/2017 | Գրքեր / Books | 30 Days Loan |
ՀՀ Գիտությունների ազգային ակադեմիայի հիմնարար գիտական գրադարան = Fundamental Scientific Library of NAS RA
All site content, except where otherwise noted, is licensed under a